Pakistan The formative phase 1857-1948 / (Record no. 186534)

000 -LEADER
fixed length control field 00570 a2200169 4500
003 - CONTROL NUMBER IDENTIFIER
control field Nust
005 - DATE AND TIME OF LATEST TRANSACTION
control field 20230222132414.0
040 ## - CATALOGING SOURCE
Transcribing agency Nust
082 ## - DEWEY DECIMAL CLASSIFICATION NUMBER
Classification number 954.9,SAY
100 ## - MAIN ENTRY--PERSONAL NAME
Personal name Sayeed,Khalid Bin
9 (RLIN) 109489
245 ## - TITLE STATEMENT
Title Pakistan The formative phase 1857-1948 /
Statement of responsibility, etc. Khalid Bin Sayeed
260 ## - PUBLICATION, DISTRIBUTION, ETC.
Place of publication, distribution, etc. Karachi
Name of publisher, distributor, etc. Universty book press
Date of publication, distribution, etc. 2007
300 ## - PHYSICAL DESCRIPTION
Extent 340
505 ## - FORMATTED CONTENTS NOTE
Formatted contents note PART-1: Origins of Pakistan (Page-3), PART-2: Continuation of the Vice regal System in Pakistan 1947-8 (Page-223).
650 ## - SUBJECT ADDED ENTRY--TOPICAL TERM
Topical term or geographic name entry element Pakistan The formative phase 1857-1948
9 (RLIN) 63851
942 ## - ADDED ENTRY ELEMENTS (KOHA)
Source of classification or shelving scheme
Koha item type Book
Call number prefix 954.9,SAY
Holdings
Withdrawn status Lost status Source of classification or shelving scheme Damaged status Not for loan Collection code Permanent Location Current Location Date acquired Total Checkouts Full call number Barcode Date last seen Price effective from Koha item type Shelving location Public note
            Military College of Signals (MCS) Military College of Signals (MCS) 12/12/2016   954.9 SAY MCS33805 12/08/2016 12/12/2016 Book    
            Military College of Signals (MCS) Military College of Signals (MCS) 12/12/2016   954.9,SAY MCS33806 12/08/2016 12/12/2016 Book General Stacks Almirah No. 62, Shelf No. 1
© 2023 Central Library, National University of Sciences and Technology. All Rights Reserved.